[Event "AUTO-INT-3947"]
[Site "http://www.queenalice.com/game.php?id=1864162"]
[Date "2025.10.13"]
[Round "1"]
[White "renet54"]
[Black "game"]
[Result "0-1"]
[WhiteElo "1616"]
[BlackElo "1692"]

1. d4 e6 2. e4 Qh4 3. Nc3 Bb4 4. Nf3 Qxe4+ 5. Be2 Qg4 6. O-O Nc6 7. Ne5 Qf5 8.
Bd3 Qf6 9. f4 Nxd4 10. Ng4 Qe7 11. Re1 Qc5 12. Bd2 Nxc2+ 13. Kh1 Nxa1 14. Ne4
Qd4 15. Qxa1 Bxd2 16. Re2 Qxd3 17. Qd1 f5 18. Ngf2 Qc4 19. Qxd2 fxe4 20. Nxe4
Qxa2 21. f5 d5 22. Ng5 Qb1+ 23. Re1 Qxf5 24. h4 Nf6 25. Qc3 c6 26. Qb4 Ng4 27.
Nf3 Nf6 28. Nd4 Qf2 29. Rxe6+ Bxe6 30. Nxe6 Kf7 31. Ng5+ Kg6 32. Qxb7 Qxh4+ 33.
Nh3 Rab8 34. Qxc6 Rxb2 35. Kg1 Qg3 36. Nf4+ Qxf4 37. Qc3 Rb1+ 0-1

[Event "AUTO-INT-3947"]
[Site "http://www.queenalice.com/game.php?id=1864163"]
[Date "2025.10.13"]
[Round "1"]
[White "game"]
[Black "renet54"]
[Result "0-1"]
[WhiteElo "1678"]
[BlackElo "1613"]

1. e4 e5 2. Nf3 Nf6 3. Nxe5 Nc6 4. d4 Nxe5 5. dxe5 Nxe4 6. Qf3 d5 7. Nc3 Nxc3 8.
bxc3 Bc5 9. Bb2 Be6 10. Qg3 O-O 11. Rd1 c6 12. Bc1 Qe7 13. Bg5 f6 14. exf6 Bxf2+
15. Kxf2 Rxf6+ 16. Bxf6 Qxf6+ 17. Kg1 Rf8 18. Qc7 Qf2# 0-1

[Event "AUTO-INT-3947"]
[Site "http://www.queenalice.com/game.php?id=1864164"]
[Date "2025.10.13"]
[Round "1"]
[White "renet54"]
[Black "Anusha"]
[Result "0-1"]
[WhiteElo "1586"]
[BlackElo "1756"]

1. d4 Nf6 2. Nf3 d6 3. Bf4 Nbd7 4. e3 h6 5. c4 c5 6. dxc5 Nxc5 7. Nc3 g6 8. Be2
a6 9. O-O Bg7 10. b4 Nce4 11. Nd5 Nxd5 12. Qxd5 Nf6 13. Rfd1 Nxd5 14. cxd5 Bxa1
15. Rxa1 g5 16. Bg3 Bf5 17. Nd4 Bg6 18. Rc1 O-O 19. h4 Rc8 20. Rd1 Be4 21. hxg5
hxg5 22. f3 Bxd5 23. e4 Bc4 24. Bxc4 Rxc4 25. e5 dxe5 26. Bxe5 f6 27. Bxf6 exf6
28. Kh2 Rxd4 0-1

[Event "AUTO-INT-3947"]
[Site "http://www.queenalice.com/game.php?id=1864165"]
[Date "2025.10.13"]
[Round "1"]
[White "Anusha"]
[Black "renet54"]
[Result "1-0"]
[WhiteElo "1831"]
[BlackElo "1640"]

1. c4 f5 2. Nc3 Nc6 3. d3 e5 4. g3 Bc5 5. Bg2 d6 6. Nf3 Nf6 7. O-O O-O 8. a3 f4
9. Kh1 fxg3 10. fxg3 Bg4 11. b4 Bb6 12. Bg5 Qd7 13. Rb1 Rae8 14. a4 a6 15. b5
Nd4 16. bxa6 Nxf3 17. exf3 Bh3 18. axb7 Bxg2+ 19. Kxg2 Bd4 20. Ne2 e4 21. Nxd4
exf3+ 22. Rxf3 Qg4 23. Bxf6 Rxf6 24. Rxf6 Qxd4 25. Rf2 d5 26. Qf3 h6 27. Qf7+
Kh7 28. Qxe8 Qxd3 29. b8=Q 1-0

[Event "AUTO-INT-3948"]
[Site "http://www.queenalice.com/game.php?id=1864463"]
[Date "2025.10.19"]
[Round "1"]
[White "game"]
[Black "renet54"]
[Result "1-0"]
[WhiteElo "1647"]
[BlackElo "1610"]

1. e4 e5 2. Nf3 Nc6 3. d4 d6 4. Bb5 Bd7 5. d5 Nd4 6. Bc4 Nf6 7. Nxd4 exd4 8.
Qxd4 Be7 9. Qe3 O-O 10. Nc3 Re8 11. Qg3 Bf8 12. Bg5 h6 13. Bxh6 Nh5 14. Qf3 gxh6
15. Qxh5 Bg7 16. Qf3 Re7 17. Qd3 Bxc3+ 18. bxc3 Bf5 19. O-O Bxe4 20. Qg3+ Kh7
21. f3 Bxc2 22. Qf2 Bg6 23. f4 Qe8 24. g4 Re4 25. Rae1 Qd7 26. f5 Rxg4+ 27. Kh1
Bxf5 28. Be2 Be4+ 29. Bf3 Bxf3+ 30. Qxf3 Rag8 31. Qd3+ f5 32. Rxf5 Rg2 33. Rf7+
1-0

[Event "AUTO-INT-3948"]
[Site "http://www.queenalice.com/game.php?id=1864464"]
[Date "2025.10.19"]
[Round "1"]
[White "renet54"]
[Black "game"]
[Result "0-1"]
[WhiteElo "1589"]
[BlackElo "1618"]

1. d4 c6 2. Nf3 d5 3. e3 Bg4 4. Bd3 e5 5. Nbd2 e4 6. Be2 exf3 7. Nxf3 Bb4+ 8. c3
Ba5 9. O-O Nf6 10. b4 Bc7 11. a3 Ne4 12. Bb2 h5 13. h3 Bxf3 14. Bxf3 Qd6 15. Qc2
Qh2# 0-1

[Event "AUTO-INT-3949"]
[Site "http://www.queenalice.com/game.php?id=1864876"]
[Date "2025.10.29"]
[Round "1"]
[White "jpribeiro"]
[Black "renet54"]
[Result "0-1"]
[WhiteElo "1385"]
[BlackElo "1607"]

1. e4 e5 2. Nf3 Nc6 3. Bb5 f6 4. c3 Bc5 5. d4 exd4 6. cxd4 Bb6 7. Be3 Nge7 8. d5
Bxe3 9. dxc6 bxc6 10. Bc4 d5 0-1

[Event "AUTO-INT-3950"]
[Site "http://www.queenalice.com/game.php?id=1865178"]
[Date "2025.11.4"]
[Round "1"]
[White "renet54"]
[Black "Quanah4"]
[Result "0-1"]
[WhiteElo "1658"]
[BlackElo "1620"]

1. d4 d5 2. Nf3 e6 3. Bf4 c5 4. e3 cxd4 5. Nxd4 a6 6. Be2 Ne7 7. O-O g6 8. Nc3
Bg7 9. Qd3 e5 10. Nf3 exf4 11. exf4 Nbc6 12. Rae1 Bf5 13. Qd2 O-O 14. Bd1 Re8
15. Re3 d4 16. Nxd4 Nxd4 17. Kh1 Nec6 18. Rxe8+ Qxe8 19. g4 Be6 20. Re1 Rd8 21.
Qc1 Ne7 22. f5 gxf5 23. gxf5 Qc6+ 24. Kg1 Nexf5 25. Bg4 Nh4 26. Bxe6 Qg2# 0-1

[Event "AUTO-INT-3950"]
[Site "http://www.queenalice.com/game.php?id=1865180"]
[Date "2025.11.4"]
[Round "1"]
[White "renet54"]
[Black "game"]
[Result "1-0"]
[WhiteElo "1567"]
[BlackElo "1646"]

1. d4 c6 2. Nf3 d5 3. Bf4 Nf6 4. e3 Ne4 5. Bg3 Bf5 6. Bd3 Bg4 7. O-O g5 8. Bxe4
dxe4 9. Nbd2 exf3 10. Nxf3 Nd7 11. Qd3 h6 12. Rae1 Bxf3 13. gxf3 Nf6 14. e4 h5
15. e5 Nd5 16. e6 f6 17. Qg6# 1-0

[Event "AUTO-INT-3950"]
[Site "http://www.queenalice.com/game.php?id=1865181"]
[Date "2025.11.4"]
[Round "1"]
[White "game"]
[Black "renet54"]
[Result "0-1"]
[WhiteElo "1641"]
[BlackElo "1577"]

1. e4 e5 2. Nf3 Nc6 3. d4 d6 4. Bc4 Bg4 5. Bg5 Be7 6. Qd2 f6 7. Bh4 Qd7 8. Be2
O-O-O 9. d5 Nd4 10. Nxd4 Bxe2 11. Nxe2 Nh6 12. Nbc3 Qg4 13. Bg3 f5 14. Nb5 fxe4
15. Qc3 Rd7 16. Nxa7+ Kd8 17. Qa3 Rf8 18. Nb5 Bh4 19. Qa8+ Ke7 20. Qxb7 Bxg3 21.
Nxg3 Qf4 22. O-O Ng4 23. Qc6 Rf6 24. Nh5 Qxh2# 0-1

[Event "AUTO-INT-3950"]
[Site "http://www.queenalice.com/game.php?id=1865182"]
[Date "2025.11.4"]
[Round "1"]
[White "renet54"]
[Black "Carlos19"]
[Result "1-0"]
[WhiteElo "1643"]
[BlackElo "1606"]

1. d4 Nf6 2. Nf3 e6 3. Bf4 d5 4. e3 Bd6 5. Nc3 h6 6. Bd3 Bxf4 7. exf4 O-O 8. O-O
a6 9. Ne5 c6 10. Qf3 Nbd7 11. Ng4 Qb6 12. Nxh6+ Kh8 13. Ng4 Qxd4 14. Rad1 Qb6
15. Nxf6 Nxf6 16. Qh3+ Kg8 17. Na4 Qa5 18. Nc3 e5 19. Bf5 g6 20. Qg3 Bxf5 21.
fxe5 Ne4 22. Nxe4 Bxe4 23. h4 Rfd8 24. h5 Qxa2 25. hxg6 Bxg6 26. e6 d4 27. exf7+
Kxf7 28. Qf4+ Kg7 29. Qc7+ Bf7 30. Qxb7 c5 31. Rfe1 Kf8 32. Re5 Rab8 33. Qe7+
Kg7 34. Rg5+ Kh6 35. Qf6+ Kh7 36. Qg7# 1-0

[Event "AUTO-INT-3950"]
[Site "http://www.queenalice.com/game.php?id=1865183"]
[Date "2025.11.4"]
[Round "1"]
[White "Carlos19"]
[Black "renet54"]
[Result "0-1"]
[WhiteElo "1588"]
[BlackElo "1576"]

1. e4 e5 2. Nf3 Nc6 3. Bc4 f5 4. d3 d6 5. Bg5 Be7 6. Bxe7 Ngxe7 7. Ng5 d5 8. Bb5
O-O 9. h3 fxe4 10. dxe4 Ng6 11. Bxc6 bxc6 12. h4 Qf6 13. O-O Nxh4 14. Nf3 Bg4
15. Nbd2 Bxf3 16. Nxf3 Nxf3+ 17. gxf3 Qg6+ 18. Kh2 Rf4 19. Rg1 Rh4# 0-1

[Event "AUTO-INT-3951"]
[Site "http://www.queenalice.com/game.php?id=1865475"]
[Date "2025.11.12"]
[Round "1"]
[White "caradepau"]
[Black "renet54"]
[Result "0-1"]
[WhiteElo "1653"]
[BlackElo "1632"]

1. e4 e5 2. Bc4 Nc6 3. a3 Bc5 4. d3 d6 5. h3 Nf6 6. Nf3 O-O 7. O-O Bd7 8. Nc3
Qc8 9. Bg5 Bxh3 10. Bxf6 gxf6 11. Nd5 Kh8 12. Nh4 Bxg2 13. Re1 Rg8 14. Nxg2 Qh3
15. Kf1 Qxg2+ 16. Ke2 Qxf2# 0-1